| 000 | 01825nkm0a22003731 4500 | ||
|---|---|---|---|
| 001 | RU\NLR\INFOCOMM_10\5000068962 | ||
| 005 | 20250810071638.0 | ||
| 035 | _a(NLR Aleph) 010758087 | ||
| 090 |
_a13294936 _c13294936 |
||
| 100 | _a20150407d1943 u y0rusy50 ca | ||
| 101 | 0 | _arus | |
| 102 | _aRU | ||
| 116 | _aiybxx xx zz | ||
| 135 | _acrcn 024apaba | ||
| 200 | 1 |
_aПоходная боевая песня 136-й дивизии. ["Справа по-взводно ..."] _bИзоматериалы _e[ноты] _e[для запевалы с хором a capella] _fмузыка Н. Леви _gслова А. Олицкого |
|
| 210 |
_a[Ленинград] _cОтд. Воениздата НКО СССР при Ленингр. фронте _d[1943] |
||
| 325 | _aКопия доступна в Электрон. б-ке РНБ | ||
| 606 | 1 | 0 |
_aБлокада Ленинграда _z1941 - 1944 _92077679 _3RU\NLR\AUTH\661253360 |
| 700 | 1 |
_aЛеви _bН. _4070 |
|
| 702 | 1 |
_4480 _7ca _8rus _aОлицкий _bА. А. _cартист эстрады, поэт-песенник _gАлександр Аркадьевич _9202482 _3RU\NLR\AUTH\770202533 |
|
| 801 | 1 |
_aRU _binfocomm _c20150407 |
|
| 801 | 0 |
_aRU _bNLR _gPSBO |
|
| 852 |
_aNLR _bЛ3-350 _j4/2 _pЛН.123 |
||
| 856 | 0 | _uhttp://vivaldi.nlr.ru/al000002607/view | |
| 856 | 1 | _uhttp://vivaldi.nlr.ru/al000002607/cover | |
| 856 | 2 | _uhttp://vivaldi.nlr.ru/al000002607/text | |
| 942 | _cVISUAL | ||
| 945 | _aРоссийская национальная библиотека | ||
| 980 | _aBV | ||
| 980 | _aNB | ||
| 981 | 3 | 7 |
_a(37) Ленинград в Великой Отечественной войне _b(37) Листовки блокадного Ленинграда |
| 981 | 3 | 4 | _a(34) Санкт-Петербург |